Sports Quiz

Random Sports or Country Quiz

Biathletes(men) in 2003/04 World Cup season. Quiz Stats

Quiz not verified by Sporcle

Challenge
Share
Tweet
Embed
Score 0/192 Timer 20:00
0 Plays Today
Biathlete % Correct
Ole Einar Bjoerndalen
66.7%
Halvard Hanevold
66.7%
Egil Gjelland
66.7%
Dag Bjoerndalen
66.7%
Sven Fischer
66.7%
Rico Gross
66.7%
Frank Luck
66.7%
Christoph Sumann
66.7%
Raphael Poiree
66.7%
Gael Poiree
66.7%
Vladimir Dratchev
66.7%
Tomasz Sikora
66.7%
Frode Andresen
33.3%
Lars Berger
33.3%
Stian Eckhoff
33.3%
Pavel Rostovtsev
33.3%
Simon Eder
33.3%
Bjorn Ferry
33.3%
Vincent Defrasne
33.3%
Alexei Aidarov
33.3%
Ilmars Bricis
33.3%
Tor Halvor Bjoernstad
0%
Anstein Mykland
0%
Peter Sendel
0%
Marco Morgenstern
0%
Alexander Wolf
0%
Michael Greis
0%
Jorn Wollschlager
0%
Daniel Graf
0%
Carsten Pump
0%
Michael Roesch
0%
Ivan Tcherezov
0%
Nikolay Kruglov
0%
Sergei Rozhkov
0%
Sergei Tchepikov
0%
Sergey Konovalov
0%
Sergey Bashkirov
0%
Filipp Shulman
0%
Alexei Soloviev
0%
Carsten Heymann
0%
Ludwig Gredler
0%
Friedrich Pinter
0%
Wolfgang Rottmann
0%
Daniel Mesotitsch
0%
Wolfgang Perner
0%
Hans Achorner
0%
Carl Johan Bergman
0%
Mattias Nilsson
0%
Jakob Borjesson
0%
David Ekholm
0%
Wille Hampusson
0%
Julien Robert
0%
Ferreol Cannard
0%
Alexandre Aubert
0%
Simon Fourcade
0%
Hans Peter Foidl
0%
Alexander Os
0%
Wilfried Pallhuber
0%
Rene Laurent Vuillermoz
0%
Christian De Lorenzi
0%
Paolo Longo
0%
Devis Da Canal
0%
Sergio Bonaldi
0%
Patrick Favre
0%
Biathlete % Correct
Christian Hofer
0%
Klaus Hollrigl
0%
Yann Debayle
0%
Alexei Korobeinikov
0%
Olexander Bilanenko
0%
Vyacheslav Derkach
0%
Andriy Deryzemlya
0%
Ruslan Lysenko
0%
Serguei Sednev
0%
Roman Pryma
0%
Oleg Ryzhenkov
0%
Alexandr Syman
0%
Rustam Valiullin
0%
Sergey Novikov
0%
Evgeni Stepanov
0%
Vitalii Pertzev
0%
Petr Garabik
0%
Roman Dostal
0%
Tomas Holubec
0%
Michal Slesingr
0%
Petr Graclik
0%
Ondrej Moravec
0%
Jaroslav Soukup
0%
Jiri Faltus
0%
Pavol Hurajt
0%
Pavol Novak
0%
Marek Matiasko
0%
Miroslav Matiasko
0%
Janez Maric
0%
Matjaz Poklukar
0%
Joze Poklukar
0%
Marko Dolenc
0%
Danilo Kodela
0%
Martin Ponikvar
0%
Klemen Lauseger
0%
Janez Ozbolt
0%
Lionel Grebot
0%
Mattias Simmen
0%
Simon Hallenbarter
0%
Jean Marc Chabloz
0%
Curdin Eichholzer
0%
Roland Zwahlen
0%
Wieslaw Ziemianin
0%
Ryszard Szary
0%
Grzegorz Bodziana
0%
Michal Piecha
0%
Paavo Puurunen
0%
Timo Antila
0%
Vesa Hietalahti
0%
Mika Kaljunen
0%
Mikko Uusipaikka
0%
Jussi Makela
0%
Ville Kotikumpu
0%
Jouni Kinnunen
0%
Janne Kantanen
0%
Alexander Zarovnii
0%
Michail Kletcherov
0%
Vitaliy Rudenchyk
0%
Kiril Vasilev
0%
Olegs Maluhins
0%
Jekabs Nakums
0%
Raivis Zimelis
0%
Kristaps Libietis
0%
Edgars Piksons
0%
Biathlete % Correct
Intars Spalvins
0%
Janis Pleiksnis
0%
Janis Berzins
0%
Roland Lessing
0%
Indrek Tobreluts
0%
Janno Prants
0%
Dimitri Borovik
0%
Priit Viks
0%
Margus Ader
0%
Jay Hakkinen
0%
Jeremy Teela
0%
Tim Burke
0%
Jacob Beste
0%
Robin Clegg
0%
David Leoni
0%
Gerhardt Klann
0%
Steve Cyr
0%
Carl Pelletier
0%
Mark Matheny
0%
Dmitry Pozdnjakov
0%
Igor Zelenkov
0%
Erden Abdrakhmanov
0%
Vladimir Zatula
0%
Koyji Suga
0%
Hidenori Isa
0%
Daisuke Ebisawa
0%
Hironao Meguro
0%
Tatsumi Kasahara
0%
Qing Zhang
0%
Chengye Zhang
0%
Haibin Chen
0%
Jingsong Liu
0%
Jason Sklenar
0%
Marc Walker
0%
Lee-Steve Jackson
0%
Tom Clemens
0%
Joe Brooks
0%
Imre Tagscherer
0%
Zoltan Tagscherer
0%
Csaba Cseke
0%
Matyas Hollo
0%
Marian Braj
0%
Mark Raymond
0%
Cameron Morton
0%
Oystein Slettemark
0%
Stavros Christoforidis
0%
Grigorios Moschovakos
0%
Mihail Gribusenkov
0%
Yuriy Tevikov
0%
Dmytri Borodenko
0%
Zarko Galjanic
0%
Aleksandar Milenkovic
0%
Aleksandr Lavrinovic
0%
Miro Cosic
0%
Momo Skokic
0%
Thorsten Langer
0%
Ben Gielen
0%
Herbert Cool
0%
Luis Alberto Hernando
0%
Modesto Alvarez
0%
Ricardo Anibal Oscare
0%
Teofilo Pino
0%
Peter Moysey
0%
Vadim Gusev
0%

You're not logged in!

Compare scores with friends on all Sporcle quizzes.
Sign Up with Email
OR
Log In

You Might Also Like...

Show Comments

Extras

Top Quizzes Today


Score Distribution

Your Account Isn't Verified!

In order to create a playlist on Sporcle, you need to verify the email address you used during registration. Go to your Sporcle Settings to finish the process.